| 000 | 00642nam a22002057a 4500 | ||
|---|---|---|---|
| 999 |
_c5407 _d5407 |
||
| 003 | AR-CdUCM | ||
| 008 | 190312b ||||| |||| 00| 0 spa d | ||
| 040 |
_aMUNICIPALIDAD PROVINCIAL DEL CUSCO _cBIBLIOTECA MUNICIPAL DEL CUSCO |
||
| 082 |
_a869.26 / _bB74 |
||
| 100 |
_aBordelois, Ivonne _916296 |
||
| 245 | _aGenio y figura de Ricardo Guiraldes / | ||
| 260 |
_aBuenos Aires : _bUniversitaria, _c1966. |
||
| 300 |
_a191 páginas ; _c18 cm. |
||
| 440 |
_aColección genio y figura _n15 _916297 |
||
| 500 | _aDonación familia Nieto | ||
| 650 |
_aNovelista _916273 |
||
| 650 |
_aPoeta argentino _916298 |
||
| 942 |
_2ddc _cLIBROS |
||
| 945 | _aafb | ||